书目信息 |
| 题名: |
唐五代词选译
|
|
| 作者: | 李白 著 ;亦冬 译注 | |
| 分册: | ||
| 出版信息: | 成都 巴蜀书社 1991.10 |
|
| 页数: | 181页 | |
| 开本: | 19cm | |
| 丛书名: | 古代文史名著选译丛书 | |
| 单 册: | ||
| 中图分类: | I222.842 , I211 | |
| 科图分类: | ||
| 主题词: | 词(文学)--中国--唐代--选集 , 词(文学) , 五代词--中国--选集 , 五代词 , 文学--作品集--中国 | |
| 电子资源: | ||
| ISBN: | 7-80523-358-6 | |
| 000 | 00963oam2 2200325 450 | |
| 001 | 1537207321 | |
| 005 | 20150125102032.73 | |
| 010 | @a7-80523-358-6@dCNY2.80 | |
| 100 | @a19920511d1991 em y0chiy0110 ea | |
| 101 | 0 | @achi |
| 102 | @aCN@b510000 | |
| 105 | @ay z 000zy | |
| 200 | 1 | @a唐五代词选译@9tang wu dai ci xuan yi@f(唐)李 白等著@g亦 冬译注 |
| 210 | @a成都@c巴蜀书社@d1991.10 | |
| 215 | @a181页@c插图@d19cm | |
| 225 | 2 | @a古代文史名著选译丛书@i隋唐五代@f章培恒主编 |
| 300 | @a国家教委古籍整理“七·五”规划重点项目 | |
| 461 | 0 | @12001 @a古代文史名著选译丛书 |
| 462 | 0 | @12001 @a隋唐五代 |
| 606 | 0 | @a词(文学)@y中国@z唐代@x选集 |
| 606 | 0 | @a词(文学) |
| 606 | 0 | @a五代词@y中国@x选集 |
| 606 | 0 | @a五代词 |
| 606 | 0 | @a文学@x作品集@x中国 |
| 690 | @aI222.842@v三版 | |
| 690 | @aI211@v4 | |
| 701 | 0 | @c(唐)@a李白@9li bai@f(701~762)@4著 |
| 702 | 0 | @a亦冬@9yi dong@4译注 |
| 801 | 0 | @aCN@bTSSF@c20150125 |
| 905 | @aZUCC@dI211@eJY64 | |
| 唐五代词选译/(唐)李 白等著/亦 冬译注.-成都:巴蜀书社,1991.10 |
| 181页:插图;19cm.-(古代文史名著选译丛书.隋唐五代/章培恒主编) |
| 国家教委古籍整理“七·五”规划重点项目 |
| ISBN 7-80523-358-6:CNY2.80 |
| ● |
| 相关链接 |
|
|
|
|
正题名:唐五代词选译
索取号:I211/JY64
 
预约/预借
| 序号 | 登录号 | 条形码 | 馆藏地/架位号 | 状态 | 备注 |
| 1 | 7853849 | 278538496 | 学院路分馆/ [索取号:I211/JY64] | 在馆 | |
| 2 | 7853850 | 278538502 | 学院路分馆/ [索取号:I211/JY64] | 在馆 |